000 00952nam a2200253 i 4500
001 bg
100 1 _aAMOROSO, Edward
245 1 0 _aWykrywanie intruzów :
_bwprowadzenie do monitorowania, korelacji, tropienia, pułapek i reagowania w Internecie /
_cEdward Amoroso ; [tł. z ang. Marcin Miłkowski].
246 _iTyt. oryg.:
_aIntrusion detection: introduction to Internet surveillance, corelation, traps, trace back and response
260 _aWarszawa :
_b"Read Me",
_c1999.
300 _aXI, 247 s. :
_brys. ;
_c24 cm.
490 1 _aSieci
500 _aTyt. oryg.: "Intrusion detection: introduction to Internet surveillance, corelation, traps, trace back and response".
504 _aIndeks.
650 9 _aInternet
_xbezpieczeństwo
830 _aSieci
020 _a837243039X
040 _cBPK
041 1 _apl
_hen
080 _a004.738.5.056
920 _a83-7243-039-X
942 _cKS
008 s pl f |000 0 pol
999 _c35801
_d35801
856 _uhttp://koha.tu.koszalin.pl/cgi-bin/koha/opac-detail.pl?biblionumber=35801
_yKatalog online BPK